• 首页
  • 本馆介绍
  • 公告通知
  • 最新文献
  • 馆藏检索
  • 电子资源
  • 读者导购
  • 参考咨询
  • 我的图书馆
  • 登录
  • 详细信息显示
  • 放入我的书架
  • 预约/预借图书
  • 作者相关作品
  • 分类相关作品
  • 丛书相关作品
  • 出版社相关作品

书目信息

  • 表格格式
  • 工作单格式
  • 卡片格式
题名:
明朝那些事儿
    
 
作者: 当年明月 著
分册:  
出版信息: 北京   中国海关出版社  2009
页数: 315页
开本: 25cm
丛书名:
单 册:
中图分类: K248.09
科图分类:
主题词: 中国--古代史--时代--通俗读物
电子资源:
ISBN: 978-7-80165-599-8
000 00788nam0 2200241 45
001 1050689312
005 20100419102541.28
010    @a978-7-80165-599-8@dCNY29.80
100    @a20100408d2009 ekmy0chiy0120 ea
101 0  @achi
102    @aCN@b110000
105    @ay z 000yd
106    @ar
200 1  @a明朝那些事儿@AMing Chao Na Xie Shi Er@e大结局@EDa Jie Ju@f当年明月著@FDang Nian Ming Yue Zhu
210    @a北京@c中国海关出版社@d2009
215    @a315页@d25cm
330    @a本书内容包括:皇太极、宁远,决战、疑惑、夜半歌声、算账、起复、杀人、坚持到底的人等。
517 1  @a大结局@ADa Jie Ju
606 0  @a中国@z古代史@z时代@j通俗读物
690    @aK248.09@v4
701  0 @a当年明月@ADang Nian Ming Yue@4著
801  0 @aCN@bTANGWEI@c20100419
905    @b0589527-31@dK248.09@e78@f5
    
    明朝那些事儿:大结局/当年明月著.-北京:中国海关出版社,2009
    315页;25cm
    
    
    ISBN 978-7-80165-599-8:CNY29.80
    本书内容包括:皇太极、宁远,决战、疑惑、夜半歌声、算账、起复、杀人、坚持到底的人等。
●
相关链接 在E读中查询图书 在五车中查询图书 在当当中查询图书 在豆瓣中查询图书


正题名:明朝那些事儿     索取号:K248.09/78         预约/预借

序号 登录号 条形码 馆藏地/架位号 状态 备注
1 0589527   205895272   第二样本阅览室/ [索取号:K248.09/78] 在馆    
2 0589528   205895281   第二借阅区/ [索取号:K248.09/78] 在馆    
3 0589529   205895290   第二借阅区/ [索取号:K248.09/78] 在馆    
4 0589530   205895307   第二借阅区/ [索取号:K248.09/78] 在馆    
5 0589531   205895316   第二借阅区/ [索取号:K248.09/78] 已借出,限还日期为2026.03.27
借出人:吴天孜  
 
唐山师范学院图书馆 欢迎您!
大连网信软件有限公司© 版权所有